000 00810nam a2200301Ia 4500
001 3834
003 IT-RoPAU
008 130308s9999 xx 000 0 und d
040 _aIT-RoPAU
040 _cIT-RoPAU
041 _aITALIANO
100 _aQuintavalle Arturo Carlo
100 _gCodice Aut. SPICS: 2255
245 _aModello (Il)
245 _bCultura, comunicazioni di Massa, lotta di Classe
250 _a1a ed.
260 _aROMA
260 _bSavelli
260 _c1976 [1° Ed.:1976 - Ed.Ling.Originale:1976]
300 _a"23 p. (prefazione: no ; testo: 23 [pagine: 11-33])"
500 _aMedia e classe Racconto e Sistema
650 _aSAGGI DI COMUNICAZIONE SOCIALE
650 _eCodice materia Spics: 3807
942 _cBK
957 _71
999 _c45200
_d45200
999 _bSI
999 _g1